Catálogo
 En Linea

Un viaje a Formosa pasando por otras partes : (Registro nro. 18431)

Detalles MARC
000 -CABECERA
campo de control de longitud fija 00696cam a2200193 a 4500
001 - NÚMERO DE CONTROL
campo de control 000018913
005 - FECHA Y HORA DE LA ÚLTIMA TRANSACCIÓN
campo de control 20200929165900.0
008 - DATOS DE LONGITUD FIJA--INFORMACIÓN GENERAL
campo de control de longitud fija 830404s1967 gt 000 0 spa d
040 ## - FUENTE DE LA CATALOGACIÓN
Centro catalogador/agencia de origen DO-SdBNP
Lengua de catalogación spa
Centro/agencia transcriptor LC
Centro/agencia modificador BNPHU
082 ## - NÚMERO DE LA CLASIFICACIÓN DECIMAL DEWEY
Número de clasificación 915.17
Número de documento/Ítem D542u
049 ## - FONDOS LOCALES (OCLC)
Fondos de biblioteca BNGR
100 1# - ENTRADA PRINCIPAL--NOMBRE DE PERSONA
Nombre de persona Díaz Vasconcelos, Luis Antonio.
9 (RLIN) 40709
245 13 - MENCIÓN DE TÍTULO
Título Un viaje a Formosa pasando por otras partes :
Resto del título crónica de un viaje al Oriente /
Mención de responsabilidad, etc. Luis Antonio Díaz Vasconcelos.
260 ## - PUBLICACIÓN, DISTRIBUCIÓN, ETC.
Lugar de publicación, distribución, etc. Guatemala :
Nombre del editor, distribuidor, etc. Tipografía Nacional Guatemala,
Fecha de publicación, distribución, etc. 1967.
300 ## - DESCRIPCIÓN FÍSICA
Extensión 494 p. :
Otras características físicas il. ;
Dimensiones 21 cm.
651 #4 - PUNTO DE ACCESO ADICIONAL DE MATERIA--NOMBRE GEOGRÁFICO
Nombre geográfico Taiwan
Subdivisión general Descripción Y Viajes
9 (RLIN) 40710
651 #4 - PUNTO DE ACCESO ADICIONAL DE MATERIA--NOMBRE GEOGRÁFICO
Nombre geográfico Formosa
Subdivisión general Relaciones Exteriores
9 (RLIN) 40711
910 ## - DATOS DE OPCIÓN DEL USUARIO (OCLC)
Datos de opción del usuario Catalogación derivada / LC
Existencias
Estado de retiro Estado de pérdida Restricciones de uso No para préstamo Código de colección Localización permanente Ubicación/localización actual Ubicación en estantería Fecha de adquisición Número de inventario Total de préstamos Signatura topográfica completa Código de barras Fecha visto por última vez Precio válido a partir de Tipo de ítem Koha
        Monografías: Libros y Folletos General General En catalogación 20.05.2010 LF1   915.17 D542u 18913-10 25.06.2020 25.06.2020 Préstamo en sala

Con tecnología Koha